Culture Générale - Série 1111 - Statistiques

Statistiques générales
  • Ce quiz a été pris 154 fois
  • Le résultat moyen est 5 sur 10
Statistiques - réponses
Question Réponse % Correct
Dans quel pays le génocide des Hutus par les Tutsis a fait 1 million de morts, en 1994 ? Rwanda
88%
En 1974, dans quel pays a eu lieu la révolution des oeillets ? Portugal
76%
Au Chili, quel général provoquera un coup d’État, en 1973, entraînant la mort du président Salvador Allende ? général Pinochet
71%
Dans quel pays a eu lieu la guerre des Boers ? Afrique du Sud
63%
Dans les années 1920, dans quel pays s'est déroulée la guerre du Rif ? Maroc
59%
Quel acronyme désigne la guérilla communiste colombienne ? Farc
53%
Quel pays a envahi l'Ethiopie en 1935 ? Italie
53%
En 1978-1979,dans quel pays, le Front sandiniste de libération nationale s’oppose-t-il au régime des Somoza ? Nicaragua
29%
En 1989, les Américains, qui soutenaient le général Manuel Noriega, décident de le lâcher car il est englué dans le trafic de drogue. De quel pays s'agit-il ? Panama
29%
Dans quel paysToubous et Bantous se sont-ils déchirés entre 1968 et 1987 ? Tchad
17%
Aucun quiz correspondant
Distribution des résultats
% des personnes avec chaque résultat
Percentile par nombre de réponses
Votre historique - résultats
Vous n’avez pas pris ce quiz